| 000 | 00536nam a2200217 a 4500 | ||
|---|---|---|---|
| 999 |
_c4649 _d4649 |
||
| 001 | 4649 | ||
| 003 | BD-JhCC | ||
| 005 | 20171129164746.0 | ||
| 008 | 171129s1959 enka|||| ||a| 000 0 eng d | ||
| 035 | _a(BD-JhCC)4649 | ||
| 040 |
_aBD-JhCC _dBD-JhCC |
||
| 041 | _aeng | ||
| 082 |
_a581 _bDAR 1959 |
||
| 100 | _aDarby, Gene | ||
| 245 |
_aWhat is a plant / _cGene Darby |
||
| 260 |
_aLondon : _bWilliam Collins Sons and Co. Ltd,, _c1959. |
||
| 300 |
_a47 p. : _c20 cm. _billu; |
||
| 650 | _aPlants | ||
| 942 |
_2ddc _cBK |
||